Cocinar un oso / (Registro nro. 58316)

Detalles MARC
000 -CABECERA
Longitud fija campo de control 01609nam a2200373 c 4500
003 - • IDENTIFICADOR DELl NÚMERO DE CONTROL
Identificador del número de control CO-BoRNBP
005 - • FECHA Y HORA DE LA ÚLTIMA TRANSACCIÓN
Fecha y hora de la última transacción 20250821200814.0
007 - • CAMPO FIJO DE DESCRIPCIÓN FÍSICA
Campo fijo de descripción física ta
008 - • CÓDIGOS DE INFORMACIÓN DE LONGITUD FIJA
Códigos de información de longitud fija 231009s2019 ck |||g| 000 0|spa |
020 ## - • NÚMERO INTERNACIONAL NORMALIZADO PARA LIBROS
Número Internacional Normalizado para Libros (ISBN) 9584279041
020 ## - • NÚMERO INTERNACIONAL NORMALIZADO PARA LIBROS
Número Internacional Normalizado para Libros (ISBN) 9789584279040
040 ## - FUENTE DE LA CATALOGACIÓN
Centro catalogador de origen CO-BoRNBP
Lengua de catalogación spa
Normas de descripción rda
Centro transcriptor CO-BoRNBP
041 1# - • CÓDIGO DE LENGUA
Código de lengua del texto/banda sonora o título independiente spa
Código de lengua original swe
084 ## - • Clasificación Local Alfanúmerica PNLB
Número de clasificación N
100 ## - • PUNTO DE ACCESO PRINCIPAL-NOMBRE DE PERSONA
Nombre de persona Niemi, Mikael,
Fechas asociadas al nombre 1959-
Término indicativo de función aut
245 10 - • TITULO PROPIAMENTE DICHO
Título Cocinar un oso /
Mención de responsabilidad, etc. Mikael Niemi ; traducción por Martin Lexell y Mónica Corral Frías.
250 ## - • MENCIÓN DE EDICIÓN
Mención de edición Primera edición
264 #1 - PRODUCCIÓN, PUBLICACIÓN , DISTRIBUCIÓN, FABRICACIÓN Y COPYRIGHT
Lugar de producción, publicación, distribución, fabricación Bogotá, Colombia :
Nombre del productor, editor, distribuidor, fabricante Planeta Colombiana S.A.,
Fecha de de producción, publicación, distribución, fabricación o copyright 2019
300 ## - • DESCRIPCIÓN FÍSICA
Extensión 511 páginas
336 ## - TIPO DE CONTENIDO
Término de tipo de contenido texto
Código de tipo de contenido txt
Fuente rdacontent
337 ## - TIPO DE MEDIO
Nombre del tipo de medio sin mediación
Código del tipo de medio n
Fuente rdamedia
338 ## - TIPO DE SOPORTE
Nombre del tipo de soporte volumen
Código del tipo de soporte nc
Fuente rdacarrier
490 0# - • MENCIÓN DE SERIE
Mención de serie Seix Barral. Biblioteca formentor
520 3# - • NOTA DE RESUMEN
Resumen, etc, Verano de 1852. Em el profundo norte de Suecia, el pastor Lars Levi Laestadius y el joven Jussu, de origen sami, descubren en el bosque el rastro de una joven. Los peores presagios se cumplen cuando hallan su cuerpo sin vida poco después. El caso parece estar claro: el juez Brahe declara que su brutal brutal muerte ha sido obra de un oso, pero Laestadius, experto botánico y con gran ojo para los detalles, alberga serias dudas al respecto
534 ## - • Nota De Versión Original
Título Koka björn
650 04 - • PUNTO DE ACCESO ADICIONAL DE MATERIA - TÉRMINO DE MATERIA
Término de materia o nombre geográfico como elemento inicial Literatura sueca
Subdivisión cronológica Siglo XX
Fuente del encabezamiento o término LEMB
650 07 - • PUNTO DE ACCESO ADICIONAL DE MATERIA - TÉRMINO DE MATERIA
Término de materia o nombre geográfico como elemento inicial Novela histórica
Fuente del encabezamiento o término lemb
650 04 - • PUNTO DE ACCESO ADICIONAL DE MATERIA - TÉRMINO DE MATERIA
Término de materia o nombre geográfico como elemento inicial Novela sueca
Subdivisión cronológica Siglo XX
Fuente del encabezamiento o término LEMB
650 07 - • PUNTO DE ACCESO ADICIONAL DE MATERIA - TÉRMINO DE MATERIA
Término de materia o nombre geográfico como elemento inicial Secretos en la literatura
Fuente del encabezamiento o término lemb
700 ## - • PUNTO DE ACCESO ADICIONAL - NOMBRE DE PERSONA
Nombre de persona Corral Frías, Mónica
700 ## - • PUNTO DE ACCESO ADICIONAL - NOMBRE DE PERSONA
Nombre de persona Lexel, Martín
Término indicativo de función trl
942 ## - ENTRADA DE ELEMENTOS AGREGADOS (KOHA)
Fuente de clasificaión o esquema
Koha [por defecto] tipo de item Libro Literatura
Existencias
Perdido Fuente de clasificación o esquema Estado Físico No para préstamo Forma de adquisición Localización permanente Localización actual Localización en estanterías Fecha adquisición Préstamos totales Signatura completa Código de barras Fecha última consulta Número de copia Fecha del precio de reemplazo Tipo de item de Koha
  Dewey Decimal Classification     Colección General Biblioteca Pública Dorado Biblioteca Pública Dorado   02/17/2026   N NIE1 DOR03289 02/17/2026 Ej.1 02/17/2026 Libro Literatura
  Dewey Decimal Classification     Colección General Biblioteca Pública José Eustasio Rivera - San Martin Biblioteca Pública José Eustasio Rivera - San Martin General 09/29/2025   N SM04228 09/29/2025 Ej.1 09/29/2025 Libro Literatura
  Dewey Decimal Classification     Sala General Biblioteca Pública San Carlos de Guaroa - Eduardo Carranza Biblioteca Pública San Carlos de Guaroa - Eduardo Carranza Literatura 12/11/2025   N NIE1 SG04433 12/11/2025 Ej.1 12/11/2025 Libro Literatura
  Dewey Decimal Classification     Colección General Biblioteca Pública El Castillo - Alfonso Meneses Biblioteca Pública El Castillo - Alfonso Meneses Literatura 10/14/2025   N EC03097 10/14/2025 Ej.1 10/14/2025 Libro Literatura
  Clasificación Local Facetada     Colección General Biblioteca Pública Cabuyaro Biblioteca Pública Cabuyaro Literatura 09/26/2025   N NIE1 CAB001274 09/26/2025 Ej.1 09/26/2025 Libro Literatura
  Dewey Decimal Classification     Colección General Biblioteca Pública Castilla La Nueva -Ecobiblioteca Biblioteca Pública Castilla La Nueva -Ecobiblioteca Literatura 09/16/2025   N NIE1 CLN00336 09/16/2025 Ej.1 09/16/2025 Libro Literatura
  Dewey Decimal Classification     Literatura General Biblioteca Pública Granada - Boca del Monte Biblioteca Pública Granada - Boca del Monte Literatura 03/11/2026   N-NEI1 GRDA05148 03/11/2026 Ej.1 03/11/2026 Libro Literatura
  Dewey Decimal Classification     Colección General Biblioteca Pública La Macarena Biblioteca Pública La Macarena Literatura 08/21/2025   N NIE1 LM03080 08/21/2025 Ej.1 08/21/2025 Libro Literatura
  Dewey Decimal Classification     Colección General Biblioteca Pública Mapiripan Biblioteca Pública Mapiripan Literatura 08/21/2025   N NIE1 MAP00004389 08/21/2025 Ej.1 08/21/2025 Libro Literatura
  Clasificación Local Facetada     Colección General Biblioteca Pública San Juanito - Ernesto Maria Peña Romero Biblioteca Pública San Juanito - Ernesto Maria Peña Romero Literatura 08/25/2025   N NIE1 SJU01731 08/25/2025 Ej.1 08/25/2025 Libro Literatura
  Dewey Decimal Classification     Colección General Biblioteca Pública Uribe - Reinerio Arenas Biblioteca Pública Uribe - Reinerio Arenas Literatura 10/09/2025   N NIE1 URI03184 10/09/2025 Ej.1 10/09/2025 Libro Literatura









Instituto Departamental de Cultura del Meta - Red Departamental de Bibliotecas Públicas del Meta.